000 01174nam a2200289 a 4500
001 000026087
003 DO-SdBNP
005 20250205142630.0
007 ta
008 110301s1958 dr ab 000 0 spa d
040 _aDO-SdBNP
_bspa
_cBNPHU
_erda
082 4 _a304.6097293
_bR426t, 1958
_222
110 1 _aRepública Dominicana.
_bDirección General de Estadística
_932043
245 1 0 _aTercer censo nacional de población 1950 /
_cprefacio, Sócrates Barinas Coiscou
264 1 _aCiudad Trujillo, República Dominicana :
_bDirección General de Estadística,
_c1958.
300 _a866 páginas. :
_bilustraciones, gráficos., mapas. ;
_c28 cm.
336 _atexto
_btxt
_2rdacontent
337 _asin mediación
_bn
_2rdamedia
338 _avolumen
_bnc
_2rdacarrier
500 _aIncluye referencias bibliográficas y notas al pie de las páginas.
590 _aInventariado,2024/DG
651 7 _aRepública Dominicana
_xCensos
_92322
_y1950
_2LEMB
651 7 _aRepública Dominicana
_xPoblación
_92321
_vEstadísticas
_y1950
_2LEMB
700 1 _aBarinas Coiscou, Sócrates,
_dprefacio
_986684
_4pre.
910 _aValidado. Control de calidad EMS
942 _2ddc
_cLBS1
999 _c25579
_d25579